Logos Splatoon - Statistiques

Statistiques générales
  • Ce quiz a été pris 73 fois
  • Le résultat moyen est 20 sur 42
Statistiques - réponses
Par images Réponse % Correct
alliance rogue
93%
uprising
89%
lumereis
85%
macalamar squad
85%
el artic
75%
asylum
70%
memento mori
70%
shining storm
70%
knights of queen
69%
stay fresh
66%
astra
62%
murmuro
59%
el firmament
57%
union sovietink
54%
baketsu
51%
omagae
51%
acid lime
48%
reborn of the phoenix
46%
shatterpoint
46%
bubble splash
43%
virtual paradise
43%
wkey gang
43%
exclamation
41%
hoshikari
41%
royal inferno
39%
pi formula
38%
spidermanzs
36%
atomic zone
34%
oddity
33%
kolrise
31%
rempure
31%
crescendo
30%
dowak
30%
helium squids
30%
crows
25%
god eater
25%
shiroi yume
25%
phantasma
23%
elune
21%
raizen
20%
suprize
15%
dezerek esport
11%
Aucun quiz correspondant
Distribution des résultats
% des personnes avec chaque résultat
Percentile par nombre de réponses
Votre historique - résultats
Vous n’avez pas pris ce quiz